ბათუმის შოთა რუსთაველის სახელმწიფო უნივერსიტეტის ბიბლიოთეკა

ო,როგორ მსურს შეგაშველო ხელი (ბიბ.ჩანაწერი № 43054)

000 -LEADER
fixed length control field 00687nam a2200217Ia 4500
001 - CONTROL NUMBER
control field 9774
003 - CONTROL NUMBER IDENTIFIER
control field GE_BSU
008 - FIXED-LENGTH DATA ELEMENTS--GENERAL INFORMATION
fixed length control field 181216s||||||||xx |||||||||||||| ||und||
020 ## - INTERNATIONAL STANDARD BOOK NUMBER
International Standard Book Number 9994021621
040 ## - CATALOGING SOURCE
Transcribing agency GE_BSU
100 ## - MAIN ENTRY--PERSONAL NAME
Personal name გორგოშაძე,თენგიზ
245 ## - TITLE STATEMENT
Title ო,როგორ მსურს შეგაშველო ხელი
245 ## - TITLE STATEMENT
Remainder of title ლექსები
260 ## - PUBLICATION, DISTRIBUTION, ETC.
Place of publication, distribution, etc. ბათუმი
260 ## - PUBLICATION, DISTRIBUTION, ETC.
Name of publisher, distributor, etc. აჭარა
260 ## - PUBLICATION, DISTRIBUTION, ETC.
Date of publication, distribution, etc. 2006
300 ## - PHYSICAL DESCRIPTION
Extent 100გვ.ფოტო გარეკანზე.20სმ.
653 ## - INDEX TERM--UNCONTROLLED
Uncontrolled term ო,როგორ მსურს შეგაშველო ხელი
942 ## - ADDED ENTRY ELEMENTS (KOHA)
Koha item type წიგნი
ეგზემპლარები
Withdrawn status Lost status Damaged status Not for loan Date acquired Barcode Date last seen Price effective from Koha item type
        2018-12-17 32941 2018-12-17 2018-12-17 წიგნი
        2018-12-17 32942 2018-12-17 2018-12-17 წიგნი